000 01374 a2200241 4500
003 Nust
005 20221018111249.0
010 _a 93001189
020 _a0824791355 (acid-free paper)
040 _cNust
082 0 0 _a620.00151,CHA
100 1 _aChampion, Edward R.,
_976177
245 1 0 _aNumerical methods for engineering applications /
_cEdward R. Champion, Jr.
260 _aNew York :
_bMarcel Dekker,
_cc1993.
300 _axv, 442 p. :
_bill. ;
_c24 cm.
490 1 _aMechanical engineering ;
_v84
505 _aIntroduction to Numerical Analysis (Page-1), Functional Interpolation and Extrapolation (Page-33), Numerical Differentiation and Integration (Page-91), Vectors, Matrices and Linear Algebra Equations (Page-129), Roots and Non Linear Equations (Page-193), Eigenvectors and Eigensystems (Page-225), Ordinary Differential Equations (Page-257), Numerical Solutions of Partial Differential Equations (Page-315), Applications of Routing to the Finite Element Method (Page-359), Fourier Transforms (Page-389), Ready-Made Math Software Packages (Page-403).
650 0 _aEngineering mathematics
_xData processing.
_9133
650 0 _aNumerical analysis
_xData processing.
_972
830 0 _aMechanical engineering (Marcel Dekker, Inc.) ;
856 4 2 _3Publisher description
_uhttp://www.loc.gov/catdir/enhancements/fy0745/93001189-d.html
942 _2ddc
_cBK
999 _c182257
_d182257